000 01921nam0a2200373 4500
001 RU\NLR\BIBL_A\022582284
005 20260420050552.0
010 _a978-5-17-173052-9
_92000
021 _aRU
_bКН-П-25-028783
_9КН-П-25-2848
035 _a(NLR Aleph) 022582284
090 _a13677333
_c13677333
100 _a20250708d2025 u y0rusy50 ca
101 1 _arus
_cspa
102 _aRU
105 _ay|||z|||000yy
181 0 _ai4
_baxxe
182 0 _an
200 1 _aЭволюция от неандертальца к Homo sapiens
_fМильяс Хуан, Арсуага Хуан
_g[перевод с испанского О. В. Колосовой]
203 _aТекст
_bвизуальный
_cнепосредственный
210 _aМосква
_cАСТ, Времена
_d2025
215 _a221, [2] с.
_d22
225 1 _aИнтересный научпоп
300 _aЗагл. и авт. ориг.: La vida contada por un sapiens a un neandertal / Juan Jose Millas, Juan Luis Arsuaga
300 _aНа 4-й с. обл. авт.: Хуан Хосе Мильяс, писатель, журналист, Хуан Луис Арсуага, палеонтолог, проф.
333 _a16+
454 0 _12001#$aLa vida contada por un sapiens a un neandertal$fJuan Jose Millas, Juan Luis Arsuaga
_1700#1$aMillás$bJ. J.$f1946-$gJuan José$3RU\NLR\AUTH\770140693
_1701#1$aArsuaga$bJ. L.$gJuan Luis
_tLa vida contada por un sapiens a un neandertal
_aMillás, Juan José (1946-)
606 1 _aЧеловек
_jПопулярные издания
_xЭволюция
_91939816
_3RU\NLR\AUTH\661174544
686 1 _aЕ72я9
700 1 _aМильяс
_bХ. Х.
_f1946-
_gХуан Хосе
_9140651
_3RU\NLR\AUTH\770140687
701 1 _aАрсуага
_bХ. Л.
_gХуан Луис
942 _cBOOK
980 _aNB